History of Travancore In Early 20th Century: (Record no. 191413)

MARC details
000 -LEADER
fixed length control field 00571nam a22001817a 4500
005 - DATE AND TIME OF LATEST TRANSACTION
control field 20220825154338.0
010 ## - LCCN (DPL NO)
LC control number ENG-134655
020 ## - INTERNATIONAL STANDARD BOOK NUMBER
Terms of availability 165.00
International Standard Book Number 9789391373320
035 ## - SYSTEM CONTROL NUMBER
System control number EN-118187
037 ## - SOURCE OF ACQUISITION
Source of stock number/acquisition DBAD/PUB
082 ## - DEWEY DECIMAL CLASSIFICATION NUMBER
Classification number 954.33
100 ## - MAIN ENTRY--PERSONAL NAME
Personal name PK, Dipu
245 ## - TITLE STATEMENT
Title History of Travancore In Early 20th Century:
Remainder of title A Journey Through Autobiographies/
Statement of responsibility, etc Dipu PK
260 ## - PUBLICATION, DISTRIBUTION, ETC. (IMPRINT)
Place of publication, distribution, etc Tamilnadu
Name of publisher, distributor, etc Shanlax publications
Date of publication, distribution, etc 2021
270 ## - ADDRESS
Address 61,66 T.P.K Main road, Vasantha nagar
City Madurai
Postal code 625003
300 ## - PHYSICAL DESCRIPTION
Extent 71p.
Dimensions 22cm(pbk)
942 ## - ADDED ENTRY ELEMENTS (KOHA)
Source of classification or shelving scheme Dewey Decimal Classification
Item type English Books
Classification part 954.33
Call number suffix DIP
Holdings
Withdrawn status Lost status Not for loan Collection code Home library Current library Date acquired Source of acquisition Cost, normal purchase price Full call number Barcode Copy number Cost, replacement price Koha item type
      Non-fiction Bawana Bawana 25/08/2022 DBAD/PUB 165.00 954.33 DIP EN-118187 1 165.00 English Books

© Delhi Public Library
Hit Counter
free hit counter